000
00247nam a22001097a 4500
008
170111b xxu||||| |||| 00| 0 eng d
020
_a
0838511279
041
_a
eng
080
_a
618.2
245
_a
THE CLINICAL FIELD
_c
REILLY, D.E
942
_2
udc
_c
BK
999
_c
2725
_d
2725